| 000 | 00472nam a2200181Ia 4500 | ||
|---|---|---|---|
| 008 | 190516s9999 xx 000 0 und d | ||
| 100 | _aRomero, Paolo | ||
| 245 | _aSenate starts debates on expanded maternity leave/ | ||
| 245 | _cPaolo Romero | ||
| 260 | _bThe Philippine Star | ||
| 260 | _c2017 | ||
| 300 | _aJanuary 30 | ||
| 440 | _aThe Philippine Star | ||
| 650 | _ahealth | ||
| 650 | _amaternal health services | ||
| 650 | _amaternity | ||
| 650 | _apregnancy | ||
| 999 |
_c361870 _d361870 |
||